02066nam a2200253Ia 4500003000400000005001700004008004100021020001800062040002100080041000800101082002700109100002700136245014500163246010600308250002200414260006100436300002900497500009100526504009800617505052300715520053001238650002501768650001901793OSt20210503103018.0210310s2014 ck gr 001 0dspa d a9789587600216 aCO-JMCRcCO-JMCR0 aspa04a334.09861 /bG934s2231 aGuerra, Pablo, eautor10aSocioeconomía de la solidaridad : buna teoría para dar cuenta de las experiencias sociales y económicas alternativas / cPablo Guerra05aSocio-economy of solidarity : ba theory to shed light on alternative social and economic experiences aSegunda edición aBogotá : bUniversidad Cooperativa de Colombia, c2014 a277 páginas ; c24 cm. aIncluye índice analítico, notas a pie de página y datos biográficos del autor. aIncluye bibliografía la final de cada capítulo y bibliografía general páginas 261-2690 aSocioeconomía de la solidaridad: construcción teórica de nuestro objeto de estudio -- El trasfondo de la socioeconomía de la solidaridad: una alternativa en materia de desarrollo -- Mercado, sociedad y Estado en las ciencias sociales: ¿es la sociedad un valor residual? -- Las etapas del proceso económico: hacía una teoría socioeconómica solidaria de la producción, la distribución, el consumo y la acumulación -- La conformación de los tres grandes sectores de nuestros mercados determinante3 aDesde hace varios años, en el mundo de las ideas y las prácticas económicas alternativas se vienen divulgando conceptos como los de economía solidaria o socioeconomía de la solidaridad -como hemos preferido denominarla en esta obra- para dar cuenta de las numerosas experiencias de hacer economía (en sus diversas fases de producción, distribución, consumo y acumulación) de manera solidaria, con base en valores como la cooperación, la participación democrática, la equidad y el cuidado del ambiente.14aEconomía solidaria14aCooperativismo